Ngữ văn nâng cao 11 Sách giáo viên T.2

NV Tiếng Việt trong trường phổ thông

Zapisane w:
Opis bibliograficzny
1. autor: Trần, Đình Sử
Kolejni autorzy: Nguyễn, Hồng Dân
Format: Książka
Język:Undetermined
Wydane: H. Giáo dục 2007
Hasła przedmiotowe:
Dostęp online:http://lrc.tdmu.edu.vn/opac/search/detail.asp?aID=2&ID=5352
Etykiety: Dodaj etykietę
Nie ma etykietki, Dołącz pierwszą etykiete!
Thư viện lưu trữ: Trung tâm Học liệu Trường Đại học Thủ Dầu Một
LEADER 00790nam a2200241Ia 4500
001 TDMU_5352
008 210410s9999 xx 000 0 und d
082 |a 807.072 
090 |b TR121 
100 |a Trần, Đình Sử 
245 0 |a Ngữ văn nâng cao 11 
245 0 |b Sách giáo viên 
245 0 |c Trần Đình Sử 
245 0 |n T.2 
260 |a H. 
260 |b Giáo dục 
260 |c 2007 
300 |a 232tr 
520 |a NV Tiếng Việt trong trường phổ thông 
650 |a Sách lớp 11  |v Giáo viên; Tiếng Việt  |x Dạy và học 
700 |a Nguyễn, Hồng Dân 
856 |u http://lrc.tdmu.edu.vn/opac/search/detail.asp?aID=2&ID=5352 
980 |a Trung tâm Học liệu Trường Đại học Thủ Dầu Một